00283nam a2200121Ia 4500008004100000041000800041082001200049100001700061245001300078260003400091300001900125999001700144241015s9999 xx 000 0 und d aeng a823 STR aNeil Strauss aTHE GAME bHarperCollinsaNew Yorkc2005 a533;. P. 23 cm c41946d41946